|
|
|
|
| LEADER |
00000nas a2200000 i 4500 |
| 001 |
ssj0001072281 |
| 003 |
WaSeSS |
| 005 |
20200512172242.0 |
| 006 |
m d |
| 007 |
cr n |
| 008 |
121130c20129999nz uu p s 0 a0eng c |
| 010 |
|
|
|a 2015237253
|
| 016 |
7 |
|
|a 101619315
|2 DNLM
|
| 022 |
|
|
|a 2230-3561
|l 2230-3561
|
| 035 |
|
|
|a (WaSeSS)ssj0001072281
|
| 040 |
|
|
|a FQM
|b eng
|e pn
|c FQM
|d OCLCO
|d NZ1
|d CUS
|d OCLCF
|d TJC
|d EUW
|d OCLCO
|d OCLCQ
|d OCLCO
|d NLM
|d OCLCO
|d OCLCQ
|d OCLCO
|d WT2
|d OCLCQ
|d OCLCA
|d OCLCQ
|d AU@
|d OCLCA
|d OCLCQ
|d CNMTR
|d OCLCQ
|d WaSeSS
|
| 042 |
|
|
|a pcc
|
| 050 |
1 |
4 |
|a RC321
|
| 060 |
0 |
0 |
|a W1
|
| 060 |
|
4 |
|a INTERNET
|
| 082 |
0 |
4 |
|a 612.8
|2 23
|
| 210 |
1 |
0 |
|a Neurosci Neuroecon
|2 dnlm
|
| 210 |
1 |
|
|a Neurosci neuroecon
|b (Online)
|
| 222 |
|
0 |
|a Neuroscience and neuroeconomics
|b (Online)
|
| 245 |
0 |
0 |
|a Neuroscience and neuroeconomics
|h [electronic resource].
|
| 260 |
|
|
|a [Auckland, NZ] :
|b Dove Press,
|c [2012}-
|
| 362 |
1 |
|
|a Began with volume 1 (2012).
|
| 506 |
|
|
|a License restrictions may limit access.
|
| 515 |
|
|
|a Articles added as received to annual volume in progress.
|
| 588 |
0 |
|
|a Volume 1 (2012); title from journal home page (Dove Press website, viewed Nov. 29, 2012).
|
| 588 |
1 |
|
|a 2015:4 (viewed Feb. 10, 2016).
|
| 650 |
|
0 |
|a Neurosciences
|v Periodicals.
|
| 650 |
|
0 |
|a Neuroeconomics
|v Periodicals.
|
| 650 |
1 |
2 |
|a Brain
|x physiology.
|
| 650 |
1 |
2 |
|a Decision Making.
|
| 650 |
2 |
2 |
|a Economics, Behavioral.
|
| 650 |
|
7 |
|a Neuroeconomics.
|2 fast
|0 (OCoLC)fst01738899
|
| 650 |
|
7 |
|a Neurosciences.
|2 fast
|0 (OCoLC)fst01036509
|
| 655 |
|
0 |
|a Electronic journals.
|
| 856 |
4 |
0 |
|z Full text available from Research Library: 01/01/2012 to 01/31/2017
|u https://search.proquest.com/publication/3933342
|